Statistics for Students Favourite Cities: US, UK, France, Germany & Spain

Click here to take the quiz!

General Stats

  • This quiz has been taken 408 times
  • The average score is 15 of 25

Answer Stats

HintAnswer% Correct
UKLondon
98%
GermanyBerlin
94%
USANew York
93%
FranceParis
91%
SpainMadrid
90%
SpainBarcelona
89%
USALos Angeles
88%
UKManchester
86%
GermanyMunich
85%
FranceMarseille
79%
FranceLyon
76%
UKLiverpool
75%
GermanyFrankfurt
68%
UKGlasgow
68%
SpainValencia
67%
USABoston
66%
USAChicago
66%
USAPhiladelphia
37%
FranceNantes
32%
UKNottingham
21%
GermanyBonn
20%
FranceMontpellier
19%
SpainMurcia
13%
GermanyDarmstadt
2%
SpainGirona
2%

Score Distribution

Percentile by Number Answered

Percent of People with Each Score

Your Score History

You have not taken this quiz